My story. (Record no. 14245)

000 -LEADER
fixed length control field 00807nam a2200217 a 4500
001 - CONTROL NUMBER
control field :::00012074$&:&@@
003 - CONTROL NUMBER IDENTIFIER
control field OkBaRHE
005 - DATE AND TIME OF LATEST TRANSACTION
control field 20000607103415.0
008 - FIXED-LENGTH DATA ELEMENTS--GENERAL INFORMATION
fixed length control field s1961 j 000 0 eng u
040 ## - CATALOGING SOURCE
Transcribing agency
100 1# - MAIN ENTRY--PERSONAL NAME
Personal name Roberts, Oral, 1918-
245 10 - TITLE STATEMENT
Title My story.
260 ## - PUBLICATION, DISTRIBUTION, ETC. (IMPRINT)
Place of publication, distribution, etc Tulsa, OK., :
Name of publisher, distributor, etc Summit Book Company
Date of publication, distribution, etc c1961
300 ## - PHYSICAL DESCRIPTION
Extent 213 p. : illus. ;
Dimensions 21 cm.
650 ## - SUBJECT ADDED ENTRY--TOPICAL TERM
Topical term or geographic name as entry element Clergy
General subdivision United States
-- Biography
650 ## - SUBJECT ADDED ENTRY--TOPICAL TERM
Topical term or geographic name as entry element Roberts, Oral, 1918-
942 ## - ADDED ENTRY ELEMENTS (KOHA)
Source of classification or shelving scheme
Koha item type Books
Copies
Lost status Shelving location Not for loan Koha item type Date last seen Withdrawn status Permanent Location Full call number Copy number Source of classification or shelving scheme Barcode Price effective from Damaged status Date acquired
 General Stacks Books2010-04-14 RHEMA Bible Training CollegeBX 8776.78 .R621 120742010-04-14 2010-04-14
 General Stacks Books2010-04-14 RHEMA Bible Training CollegeBX 8776.78 .R622 149532010-04-14 2010-04-14
 General Stacks Books2010-04-14 RHEMA Bible Training CollegeBX 8776.78 .R623 149542010-04-14 2010-04-14